Sports Quiz

Random Sports or MLB Quiz

Baseball's Nicknames Quiz Stats

 Plays Quiz not verified by Sporcle

Challenge
Share
Tweet
Embed
Score 0/100 Timer 15:00
0 Plays Today
% Correct
Mr. October
87.9%
Babe
86.2%
Yogi
86.2%
Big Papi
85.3%
Cap
84.5%
Say Hey Kid
84.5%
The Kid
84.5%
Mr. Cub
83.6%
Ironman
83.6%
Yaz
83.6%
Goose
83.6%
Youk
83.6%
Arod
83.6%
Pudge
82.8%
Wizard of Oz
82.8%
Big Mac
82.8%
Hammerin' Hank
82.8%
Flyin Hawaiian
82.8%
Stan the Man
81.9%
Big Unit
81.9%
Crime Dog
81.9%
Iron Horse
81%
Shoeless Joe
81%
Doc
81%
Doc
81%
Catfish
81%
Cy
80.2%
Rocket
80.2%
Duke
80.2%
Big Hurt
79.3%
Will the Thrill
79.3%
Godzilla
78.4%
Georgia Peach
78.4%
Satchel
78.4%
% Correct
Rod
78.4%
Oil Can
77.6%
Mick
77.6%
Three Finger
77.6%
Manny
77.6%
King Felix
77.6%
Dizzy
77.6%
Donnie Baseball
77.6%
Ryan Express
77.6%
Charlie Hustle
76.7%
Mr. November
76.7%
Chipper
76.7%
Sheff
75.9%
Pudge
75%
Pee Wee
75%
Kung Fu Panda
75%
Bird
75%
Human Vacuum Cleaner
75%
Yankee Clipper
74.1%
El Tiante
74.1%
Freak
74.1%
Flying Dutchman
73.3%
Wild Thing
73.3%
Ryno
73.3%
Hawk
72.4%
Goose
72.4%
Hack
72.4%
Big Train
71.6%
Splendid Splinter
69.8%
Straw
69.8%
Dazzy
69%
Double X
68.1%
Pops
68.1%
Hebrew Hammer
68.1%
% Correct
Louisiana Lightning
67.2%
Hebrew Hammer
67.2%
Rock
66.4%
Rapid Robert
66.4%
Sandman
65.5%
Machine
64.7%
The Mad Hungarian
64.7%
Dewey
62.9%
Spaceman
62.9%
Killer
62.9%
Big Donkey
62.9%
Man of Steal
62.9%
Chairman of the Board
62.1%
Ducky
62.1%
Sudden Sam
62.1%
Bucketfoot Al
61.2%
Mudcat
60.3%
Daffy
59.5%
Human Rain Delay
58.6%
Master Melvin
58.6%
Baby Bull
56.9%
Big Poison
56.9%
Rajah
56%
Little Poison
53.4%
Big Cat
51.7%
Grey Eagle
50.9%
Old Aches and Pains
50%
Pop
50%
Capital Punisher
49.1%
Mr. Clean
46.6%
Mechanical Man
45.7%
Hit Dog
44.8%

You're not logged in!

Compare scores with friends on all Sporcle quizzes.
OR
Log In

You Might Also Like...

Show Comments

Extras

Top Quizzes Today


Score Distribution

Your Account Isn't Verified!

In order to create a playlist on Sporcle, you need to verify the email address you used during registration. Go to your Sporcle Settings to finish the process.

Report this User

Report this user for behavior that violates our Community Guidelines.

Details: